000 00706nam a2200265 i 4500
001 C2-0249171
003 PPAK
005 20180727213230.0
008 030428s1996 enk |||| ||||| | eng d
020 _a0003303365
040 _aPPAK
_beng
_cPPAK
_erda
082 0 4 _a823
_223
090 0 0 _a823
_bPIT
_dK
100 1 _aPitcher, George,
_eauthor
245 1 4 _aThe dogs who came to stay
264 1 _aLondon :
_bCollins Educational ,
_c1996
300 _a148 pages ;
_c19 cm
336 _2rdacontent
_atext
337 _2rdamedia
_aunmediated
338 _2rdacarrier
_avolume
490 1 _aCollins cascades
650 1 0 _aChildren's stories, English
830 0 _aCollins cascades
942 _ddc
_cB
999 _c62722
_d62722